1498 1945 1402 1338 1176 1790 1777 1906 1182 1792 1065 1355 1762 1668 1201 1109 1484 1514 1241 1899 1715 1513 1549 1604 1415 1018 1536 1842 1454 1492 1085 1354 1657 1456 1721 1316 1043 1928 1248 1323 1928 1144 1715 1762 1495 1824 1856 1150 1047 1410 1962 1203 1556 1598 1662 1467 1262 1053 1597 1146 1069 1674 1149 1436 1430 1964 1573 1398 1298 1932 1917 1550 1010 1157 1418 1701 1274 1411 1197 1619 1695 1020 1750 1395 1414 1007 1727 1509 1160 1345 1970 1065 1419 1667 1325 1245 1869 1287 1684 BCNSPRNW ULIB Ver.6.0+V

เปลี่ยนเป็นภาษาไทย

Change to English
 แสดงรายละเอียดบรรณานุกรม
  กลับหน้าหลัก

Brief Record : Get Marc (ISO 2709) : E-mail record : QR code < ปิดหน้าต่าง
LEADER : 00000nam 2200000uu 4500
001    13399124644
003     ULIB
008    151110s2553||||th 000 0 tha d
020    ^a9786167052088
090    ^aนว.^bร388ฮ ล.1
100    ^aรัศมีจันทร์
245    ^aไฮโซติดเกาะ ตอน เปลวแดดกลางฤดูร้อน เล่ม 2/^cรัศมีจันทร์
250    ^aพิมพ์ครั้งที่ 1
260    ^aกรุงเทพฯ :^bณ บ้านวรรณกรรม,^c2553
300    ^a376 หน้า
710 1  ^aณ บ้านวรรณกรรม
945    ^p0^l0^i026743
999    ^aเกษร โพธิ์สุวรรณ
รายการนี้ยังไม่มีแท็ก
คุณยังไม่ได้ล็อกอิน คุณสามารถมีกิจกรรมร่วมกับเว็บไซต์ได้ แต่ต้องล็อกอินก่อน ::
  ล็อกอิน

รายการสื่อสารสนเทศ

ลำดับที่ ประเภท เลขเรียก/บาร์โค้ด สถานที่ สถานะ
1. นวนิยาย
นวนิยาย
นว. ร388ฮ ล.1 ฉ.1 
  Barcode: 026743
ห้องสมุดวิทยาเขตสวรรค์ประชารักษ์
►นวนิยาย
บนชั้น
  ขอยืม

รายการใกล้เคียง
    ผู้แต่ง [รัศมีจันทร์]

BibComment


ยังไม่เคยถูกคอมเมนท์

คอมเมนท์ทรัพยากรรายการนี้
  คอมเมนท์: ไฮโซติดเกาะ ตอน ..


 Copyright 2026. Bcnsprnw @Library